Top 15 des pays avec les décès de Covid-19 - 22 janvier - Statistiques

Statistiques générales
  • Ce quiz a été pris 41 fois
  • Le résultat moyen est 11 sur 24
Statistiques - réponses
pays % Correct
Etats-Unis
95%
France
95%
Espagne
87%
Italie
84%
Allemagne
79%
Royaume-Uni
79%
Russie
79%
Brésil
76%
Mexique
71%
Inde
66%
Argentine
61%
Belgique
61%
Colombie
42%
Iran
32%
Afrique du Sud
29%
Pérou
26%
Hongrie
13%
Tchéquie
13%
Bosnie-Herzégovine
11%
Croatie
11%
Macédoine du Nord
11%
Slovénie
11%
Panama
8%
Bulgarie
5%
Aucun quiz correspondant
Distribution des résultats
% des personnes avec chaque résultat
Percentile par nombre de réponses
Votre historique - résultats
Vous n’avez pas pris ce quiz